000 00264nam a2200121Ia 4500
008 221030s9999 xx 000 0 und d
041 _aEnglish
100 _aI. H. Sheth
245 0 _aAbstract Algebra
_cby I. H. Sheth
260 _c0
650 _aB
942 _cBK
999 _c14447
_d14447